What makes poor countries poor? institutional determinants of development

Na minha lista:
Detalhes bibliográficos
Autor principal: Trebilcock, Michael J.
Outros Autores: Prado, Mariana Mota
Formato: Livro
Idioma:inglês
Publicado em: Cheltenham Edward Elgar 2011
Assuntos:
Tags: Adicionar Tag
Sem tags, seja o primeiro a adicionar uma tag!

MARC

LEADER 00000nam a2200000 4500
001 0194204
005 20240229082237.9
020 |a 978-0-85793-891-6 
041 0 |a eng 
044 |a GB 
245 1 0 |a What makes poor countries poor?  |b institutional determinants of development  |c Michael J. Trebilcock 
264 1 |a Cheltenham  |b Edward Elgar  |c 2011 
300 |a 286 s. 
610 2 0 |a krajiny rozvojové 
610 2 0 |a chudoba 
610 2 0 |a chudoba 
610 2 0 |a úroveň životná 
610 2 0 |a zákony 
610 2 0 |a právo vlastnícke 
610 2 0 |a štát 
610 2 0 |a politika 
610 2 0 |a konflikty etnické 
610 2 0 |a správa verejná 
610 2 0 |a korupcia 
610 2 0 |a podnik štátny 
610 2 0 |a privatizácia 
610 2 0 |a obchod medzinárodný 
610 2 0 |a investície priame zahraničné 
610 2 0 |a pomoc zahraničná 
610 2 0 |a inštitúcie verejnoprávne 
610 2 0 |a teórie ekonomické 
610 2 0 |a rozvoj hospodársky 
610 2 0 |a politika hospodárska 
100 1 |a Trebilcock, Michael J. 
700 1 |a Prado, Mariana Mota